|
|
|
|
| LEADER |
02785nam a22004575i 4500 |
| 001 |
978-81-322-2568-3 |
| 003 |
DE-He213 |
| 005 |
20151103161010.0 |
| 007 |
cr nn 008mamaa |
| 008 |
151020s2012 ii | s |||| 0|eng d |
| 020 |
|
|
|a 9788132225683
|9 978-81-322-2568-3
|
| 024 |
7 |
|
|a 10.1007/978-81-322-2568-3
|2 doi
|
| 040 |
|
|
|d GrThAP
|
| 050 |
|
4 |
|a RC254-282
|
| 072 |
|
7 |
|a MJCL
|2 bicssc
|
| 072 |
|
7 |
|a MED062000
|2 bisacsh
|
| 082 |
0 |
4 |
|a 616.994
|2 23
|
| 245 |
1 |
0 |
|a Clinical Approach to Well-differentiated Thyroid Cancers
|h [electronic resource] /
|c edited by Frederick L. Greene, Andrzej L. Komorowski.
|
| 250 |
|
|
|a 1st ed. 2012.
|
| 264 |
|
1 |
|a New Delhi :
|b Springer India :
|b Imprint: Springer,
|c 2012.
|
| 300 |
|
|
|a XIV, 147 p. 55 illus., 43 illus. in color.
|b online resource.
|
| 336 |
|
|
|a text
|b txt
|2 rdacontent
|
| 337 |
|
|
|a computer
|b c
|2 rdamedia
|
| 338 |
|
|
|a online resource
|b cr
|2 rdacarrier
|
| 347 |
|
|
|a text file
|b PDF
|2 rda
|
| 490 |
1 |
|
|a Head and Neck Cancer Clinics,
|x 2364-4060
|
| 505 |
0 |
|
|a Historical perspective and current epidemiology -- Pathology of differentiated thyroid cancers -- Clinical evaluation of the thyroid gland -- Imaging in thyroid cancer -- Staging of differentiated thyroid cancer -- Preoperative endocrine management of differentiated thyroid cancer -- Surgical treatment of thyroid cancer -- Minimally invasive approach to the thyroid -- Management of advanced thyroid cancer: Local recurrence and neck dissections -- Nutritional issues in patients with thyroid cancer -- Patient safety in surgery for thyroid cancer -- Postoperative complications in thyroid surgery -- Adjuvant treatment and follow up of differentiated thyroid cancer.
|
| 520 |
|
|
|a The management of patients with thyroid cancers is a constantly changing field due to numerous developments in diagnostics and therapy. This book provides clinicians with up-to-date information on the current management of patients through all stages of their thyroid disease: from diagnosis of thyroid nodules through staging, extent and technique of surgery to adjuvant therapies, and follow-up schemes. The book is meant for medical students, residents and consultants in various disciplines, including otolaryngology, head and neck surgery and oncology.
|
| 650 |
|
0 |
|a Medicine.
|
| 650 |
|
0 |
|a Oncology.
|
| 650 |
1 |
4 |
|a Medicine & Public Health.
|
| 650 |
2 |
4 |
|a Oncology.
|
| 700 |
1 |
|
|a Greene, Frederick L.
|e editor.
|
| 700 |
1 |
|
|a Komorowski, Andrzej L.
|e editor.
|
| 710 |
2 |
|
|a SpringerLink (Online service)
|
| 773 |
0 |
|
|t Springer eBooks
|
| 776 |
0 |
8 |
|i Printed edition:
|z 9788132225676
|
| 830 |
|
0 |
|a Head and Neck Cancer Clinics,
|x 2364-4060
|
| 856 |
4 |
0 |
|u http://dx.doi.org/10.1007/978-81-322-2568-3
|z Full Text via HEAL-Link
|
| 912 |
|
|
|a ZDB-2-SME
|
| 950 |
|
|
|a Medicine (Springer-11650)
|